000 01428nam2a2200289 4500
001 RU\NLR\BIBL_A\012598524
005 20250624082124.0
021 _aRU
_b[69-51322]
035 _a(NLR Aleph) 012598524
090 _a12574803
_c12574803
100 _a20210920d1969 |||y0rusy50 ca
101 0 _arus
102 _aRU
105 _aa z |||||
200 1 _aФизиология кукурузы и риса
_f[Авт.: С. С. Андреенко, Ф. М. Куперман и П. С. Брыгин ]
_gОтв. ред. Б. А. Рубин
210 _d1969
_aБ. м.
215 _a416 с.
_cил.
320 _aБиблиогр. в конце разделов
461 0 _1001rc\4926049
_12001#$aФизиология сельскохозяйственных растений$eВ 12 т.$fГл. ред. Б.А. Рубин$gМоск. гос. ун-т им. М.В. Ломоносова.$vТ. 5
_98958700
_cМосква
_d1967
_fГл. ред. Б.А. Рубин
_nИзд-во Моск. ун-та
_oВ 12 т.
_tФизиология сельскохозяйственных растений
_vТ. 5
700 1 _aАндреенко
_bС. С.
_gСтепан Сидорович
701 1 _aКуперман
_bФ. М.
_gФанни Михайловна
701 1 _aБрыгин
_bП. С.
852 _aNLR
_j67-5/2784
942 _cBOOK
980 _aNB